AH International Schools' Libraries

Plant and animal adaptations / (Record no. 49274)

MARC details
000 -LEADER
fixed length control field 00396nam a2200133 4500
020 ## - INTERNATIONAL STANDARD BOOK NUMBER
International Standard Book Number 9780716628262
100 ## - MAIN ENTRY--PERSONAL NAME
Personal name Midthun, Joseph
9 (RLIN) 86521
245 ## - TITLE STATEMENT
Title Plant and animal adaptations /
Statement of responsibility, etc Joseph Midthun & Samuel Hiti
260 ## - PUBLICATION, DISTRIBUTION, ETC. (IMPRINT)
Place of publication, distribution, etc Chicago
Name of publisher, distributor, etc World Book
Date of publication, distribution, etc 2014
300 ## - PHYSICAL DESCRIPTION
Extent 32 p.
Other physical details col. ill.
Dimensions 25 cm.
490 ## - SERIES STATEMENT
Series statement Building Blocks of Science
650 ## - SUBJECT ADDED ENTRY--TOPICAL TERM
Topical term or geographic name as entry element Plant and Animal
9 (RLIN) 86529
942 ## - ADDED ENTRY ELEMENTS (KOHA)
Source of classification or shelving scheme
Koha item type Books/GRAPHICS
Holdings
Withdrawn status Lost status Source of classification or shelving scheme Damaged status Not for loan Collection code Home library Current library Date acquired Total Checkouts Full call number Barcode Date last seen Price effective from Koha item type Public note
          Reference Asian Hope Early Years Library Asian Hope Early Years Library 08/13/2025   GRAPHIX 578.4 MID 208490 08/13/2025 08/13/2025 Books/GRAPHICS YEAR 1 BOOK

For any Logos Library related questions please contact Miss Art at swongnarasuk@asianhope.org.

For any Asian Hope Library related questions please contact Miss Raza at graza@asianhope.org.

Click here to explore our ebooks!

Powered by Koha